000 00980 a2200229 4500
999 _c332307
_d332307
003 NUST
005 20171123104018.0
008 171123b xxu||||| |||| 00| 0 eng d
020 _a9694073388
040 _c0
082 _a954 BAS
100 _aBasham, A. L.
_96724
245 _aThe wonder that was India:
_b a survey of the history and culture of the Indian sub-continent before the coming of the Muslims
_c A. L. Basham.
250 _a3rd ed
260 _apakistan
_bRoyal Book Company
_c2004
300 _a572p.
500 _aP.B
505 _aIntroduction (page-1) Prehistory (page-10) History (page-45) The State (page-80) Society (page-138) Everyday Life (page-191) Religion (Page-234) The Arts (page-348) Language and Literature 9Page-388) Epilogue (Page-481)
538 _aAlmirah No.60 Shelf No.1
600 _aby] A. L. Basham.
_96725
650 _aWonder that was india
_96726
942 _2ddc
_cBK
_kIESE